|
|
|
|
| LEADER |
00556cam a2200157 7i4500 |
| 001 |
0000018511 |
| 005 |
20011210090000.0 |
| 020 |
# |
0 |
|a 0471373095 (cloth : alk. paper)
|
| 090 |
0 |
0 |
|a HV 6769
|b D38
|
| 100 |
1 |
# |
|a Davia,
|c 1947-
|
| 245 |
1 |
0 |
|a Fraud 101 :
|b techniques and strategies for detection
|c Howard R. Davia.
|
| 260 |
# |
# |
|a New York:
|b John Wiley & Sons,
|c 2000.
|
| 500 |
# |
# |
|a Includes index.
|
| 650 |
0 |
0 |
|a Fraud investigation --
|z United States.
|
| 650 |
0 |
0 |
|a Commercial crimes --
|x Prevention. --
|z United States
|
| 999 |
|
|
|a 1100004334
|b Book
|c Open Shelf
|e KOLEKSI TERBUKA
|